|
|
|
|
| LEADER |
00850cam a2200253 7i4500 |
| 001 |
0000018104 |
| 005 |
20170218090000.0 |
| 008 |
070829 eng |
| 020 |
|
|
|a 9780131249639
|
| 020 |
|
|
|a 0131249630 (pbk.)
|
| 090 |
0 |
0 |
|a HB171.5
|b .C54 2004
|
| 100 |
1 |
|
|a Case, Karl E
|
| 245 |
1 |
0 |
|a Principles of economics
|c Karl E. Case, Ray C. Fair.
|
| 250 |
|
|
|a 7th ed.
|
| 260 |
|
|
|a Upper Saddle River, NJ:
|b Pearson Edu.,
|c 2004.
|
| 300 |
|
|
|a xlv, 750 p.:
|b col. ill.;
|c 28 cm.
|
| 500 |
|
|
|a Includes index
|
| 650 |
0 |
0 |
|a Economics
|
| 700 |
1 |
|
|a Fair, Ray C
|
| 997 |
|
|
|a Business & Accountancy, Faculty
|
| 998 |
|
|
|a Business Management, Diploma
|
| 999 |
|
|
|a 0000023322
|b BOK
|c OPEN SHELF
|e 1st Floor, Shah Alam
|
| 999 |
|
|
|a 0000027301
|b BOK
|c OPEN SHELF
|e 1st Floor, Shah Alam
|
| 999 |
|
|
|a 0000027522
|b BOK
|c OPEN SHELF
|e 1st Floor, Shah Alam
|